| 000 -LEADER |
| fixed length control field |
00598nam a22001937a 4500 |
| 008 - FIXED-LENGTH DATA ELEMENTS--GENERAL INFORMATION |
| fixed length control field |
151119b xxu||||| |||| 00| 0 eng d |
| 020 ## - INTERNATIONAL STANDARD BOOK NUMBER |
| International Standard Book Number |
0205417922 |
| 041 0# - LANGUAGE CODE |
| Language code of text/sound track or separate title |
eng |
| 080 ## - UNIVERSAL DECIMAL CLASSIFICATION NUMBER |
| Universal Decimal Classification number |
159.923 |
| 100 1# - Rafti |
| Rafti |
Beebe, Steven A., |
| 245 10 - TITLE STATEMENT |
| Title |
Interpersonal communication : |
| Statement of responsibility, etc |
Steven A. Beebe, Susan J. Beebe, Mark V. Redmond. |
| 250 ## - |
| -- |
4th ed. |
| 260 ## - |
| -- |
Boston, MA : |
| -- |
Pearson/Allyn and Bacon, |
| -- |
c2005. |
| 300 ## - |
| -- |
xxviii, 419 f. : |
| -- |
me il.; |
| -- |
26 cm. |
| 650 #0 - |
| -- |
Komunikimi ndërpersonal |
| 700 1# - |
| -- |
Beebe, Susan J. |
| 700 1# - |
| -- |
Redmond, Mark V., |
| 942 ## - ADDED ENTRY ELEMENTS (KOHA) |
| Source of classification or shelving scheme |
|
| Item type |
Books |